000 00626nam a22001937a 4500
999 _c175856
_d175856
005 20201008112441.0
010 _aUR-10881
020 _c120.00
_a9789390100033
035 _aU-9436
037 _bDBAD/PUB
082 _aن
100 _aشفق سو پو ر ی
245 _aمو سی (نا و لٹ)
_cشفق سو پو ر ی
246 _bMoosa (Novel) (Urdu)
_aby Shafaqu So Puri
260 _aN.Delhi
_bEducational Publishing House
_c2020 ء
270 _aH.O.D1/16,Ansari Road,Darya ganj,
_bN.Delhi
_e110002
_k45678285,23216162
_l0091-11-23211540
300 _a78 ص
_c22 Cm(Hb)
942 _2ddc
_cUR
_hن
_mش ف ق